A system of logic ratiocinative and inductive (Record no. 129728)

MARC details
000 -LEADER
campo de control de longitud fija 00841nam a2200229 i 4500
001 - NÚMERO DE CONTROL
campo de control 129728
003 - IDENTIFICADOR DE NÚMERO DE CONTROL
campo de control ES-MaACL
005 - FECHA Y HORA DE LA ÚLTIMA TRANSACCIÓN
campo de control 20250920063100.0
007 - CAMPO FIJO DE DESCRIPCIÓN FÍSICA--INFORMACIÓN GENERAL
campo de control de longitud fija t|
008 - DATOS DE LONGITUD FIJA--INFORMACIÓN GENERAL
campo de control de longitud fija 070704n1900 fr ||||1| fre d
080 ## - NÚMERO DE LA CLASIFICACIÓN DECIMAL UNIVERSAL
Número de la Clasificación Decimal Universal 16
100 1# - ENTRADA PRINCIPAL--NOMBRE DE PERSONA
Nombre de persona Mill, John Stuart,
Fechas asociadas al nombre 1806-1873
9 (RLIN) 81119
245 12 - MENCIÓN DEL TÍTULO
Título A system of logic ratiocinative and inductive
Resto del título : being a connected view of the principles of evidence and the methods of scientific investigation /
Mención de responsabilidad, etc. by John Stuart Mill.
260 ## - PUBLICACIÓN, DISTRIBUCIÓN, ETC.
Lugar de publicación, distribución, etc. London ;
-- New York :
Nombre del editor, distribuidor, etc. George Routledge and sons,
Fecha de publicación, distribución, etc. [s.a.]
300 ## - DESCRIPCIÓN FÍSICA
Extensión 571 p. ;
Dimensiones 19 cm.
490 1# - MENCIÓN DE SERIE
Mención de serie Sir John Lubbock's hundred books
500 ## - NOTA GENERAL
Nota general Biblioteca Jacinto Martínez Lacalle.
650 #4 - PUNTO DE ACCESO ADICIONAL DE MATERIA--TÉRMINO DE MATERIA
Término de materia o nombre geográfico como elemento de entrada Lógica.
9 (RLIN) 14693
830 0# - PUNTO DE ACCESO ADICIONAL DE SERIE-TÍTULO UNIFORME
Título uniforme Sir John Lubbock's hundred books
9 (RLIN) 184872
852 ## - LOCALIZACIÓN
Ubicación ES-MaACL
Número de control de estantería E-11816
Sublocalización o colección R.138992
Holdings
Estatus retirado Estado de pérdida Estado de daño No para préstamo Biblioteca de origen Biblioteca actual Ubicación en estantería Fecha de adquisición Fuente de adquisición Total de préstamos Signatura topográfica completa Código de barras Visto por última vez Precio de reemplazo Tipo de ítem Koha
        Biblioteca del Ateneo de Madrid Biblioteca del Ateneo de Madrid Depósito 2 17/01/2008     E-11816 1135083 23/02/2023 23/02/2023 Libro impreso